زوايا أسلوبية وفنية في القرآن الكريم / (رقم التسجيلة. 130316)

تفاصيل مارك
000 -الفاتح
عناصر البيانات ثابتة الطول 00727cam a2200193 i 4500
005 - تاريخ ووقت آخر معاملة
حقل ضبط 20251124093322.0
008 - عناصر البيانات ثابتة الطول
عناصر البيانات ثابتة الطول 250721s2013 jo gr 000 0 ara d
082 14 - رقم تصنيف ديوي العشري
رقم التصنيف 211.6
رقم المادة غ و ا
100 1# - مدخل رئيسي – اسم شخصي
الاسم الشخصي غوادرة، فيصل حسين
علاقة الشخص بالعمل/ دوره مؤلف.
245 10 - بيان العنوان
العنوان زوايا أسلوبية وفنية في القرآن الكريم /
بيان المسؤولية الدكتور فيصل حسين غوادره.
250 ## - بيان الطبعة
بيان الطبعة الطبعة الاولى.
264 31 - بيانات النشر، التوزيع…إلخ
مكان النشر، التوزيع...إلخ عمان :
اسم الناشر، الموزع...إلخ دار السواقي العلمية للنشر والتوزيع،
تاريخ النشر، التوزيع...إلخ 2013.
300 ## - الوصف المادي
عدد الوحدات المكونة للوعاء 190صفحة.
650 17 - مدخل إضافي بالموضوع - مصطلح موضوعي
مصطلح موضوعي أو اسم جغرافي كعنصر مدخل القرآن الكريم.
650 17 - مدخل إضافي بالموضوع - مصطلح موضوعي
مصطلح موضوعي أو اسم جغرافي كعنصر مدخل ألفاظ القرآن.
650 17 - مدخل إضافي بالموضوع - مصطلح موضوعي
مصطلح موضوعي أو اسم جغرافي كعنصر مدخل بلاغة القرآن.
942 ## - بيانات إضافية (كوها)
نوع التنصيف Dewey Decimal Classification
نوع المادة (كوها) كتب
المقتنيات
حالة السحب حالة الفقدان مصدر التصنيف حالة التلف غير قابل للإعارة المكتبة الرئيسية المكتبة الحالية موقع الرف تاريخ التزويد الرقم المتسلسل Total Checkouts رقم الإستدعاء الباركود تاريخ آخر ظهور تاريخ الفاتورة نوع المادة (كوها)
    Dewey Decimal Classification     المكتبة المركزية المكتبة المركزية الإعارة 28/07/2025 1584018   211.6 / غ و ا PLD00307924 28/07/2025 28/07/2025 كتب
    Dewey Decimal Classification     مكتبة أم قصير والمقابلين العامة مكتبة أم قصير والمقابلين العامة الإعارة 08/10/2014 1584026   211.6/غوا PLD00308210 28/07/2025 08/10/2014 كتب
    Dewey Decimal Classification     مكتبة الاميرة بديعة مكتبة الاميرة بديعة الإعارة 08/10/2014 1584022   211.6/غوا PLD00308206 28/07/2025 08/10/2014 كتب
    Dewey Decimal Classification     مكتبة الجويدة مكتبة الجويدة الإعارة 08/10/2014 1584024   211.6/غوا PLD00308208 28/07/2025 08/10/2014 كتب
    Dewey Decimal Classification     مكتبة الحسن العامة مكتبة الحسن العامة الإعارة 08/10/2014 1584021   211.6/غوا PLD00308205 28/07/2025 08/10/2014 كتب
    Dewey Decimal Classification     مكتبة النصر العامة مكتبة النصر العامة الإعارة 08/10/2014 1584023   211.6/غوا PLD00308207 28/07/2025 08/10/2014 كتب
    Dewey Decimal Classification     مكتبة حمزة العامة مكتبة حمزة العامة الإعارة 08/10/2014 1584027   211.6/غوا PLD00308211 28/07/2025 08/10/2014 كتب
    Dewey Decimal Classification     مكتبةمؤتة مكتبةمؤتة الإعارة 08/10/2014 1584025   211.6/غوا PLD00308209 28/07/2025 08/10/2014 كتب
Implemented & Customized by: BBB with SCIT (Smart Chains for Information Technology)

Powered by Koha